The spirit of Japan
Honorary member of the imperial educational society of Japan
שמור ב:
| מחבר ראשי: | |
|---|---|
| פורמט: | ספר |
| שפה: | Undetermined |
| יצא לאור: |
Tokyo
Yurakusha
1905
|
| נושאים: | |
| תגים: |
הוספת תג
אין תגיות, היה/י הראשונ/ה לתייג את הרשומה!
|
| Thư viện lưu trữ: | Trung tâm Học liệu Trường Đại học Cần Thơ |
|---|
| LEADER | 00762nam a2200217Ia 4500 | ||
|---|---|---|---|
| 001 | CTU_218371 | ||
| 008 | 210402s9999 xx 000 0 und d | ||
| 082 | |a 915.2 | ||
| 082 | |b S935 | ||
| 100 | |a Sturge, Ernest Adolphus | ||
| 245 | 4 | |a The spirit of Japan | |
| 245 | 0 | |c Ernest Adolphus Sturge | |
| 260 | |a Tokyo | ||
| 260 | |b Yurakusha | ||
| 260 | |c 1905 | ||
| 520 | |a Honorary member of the imperial educational society of Japan | ||
| 650 | |a Giáo dục thể chất và huấn luyện,Nhật Bản,Physical education and training,Japan | ||
| 650 | |x Đời sống xã hội và phong tục,Social life and customs | ||
| 650 | |z Nhật Bản,Japan | ||
| 904 | |i Nguyên | ||
| 980 | |a Trung tâm Học liệu Trường Đại học Cần Thơ | ||